العقائد الاسلامية / (Record no. 14436)
[ view plain ]
| 000 -الفاتح | |
|---|---|
| حقل البيانات ثابتة الطول | 00672nam a22001697a 4500 |
| 008 - عناصر البيانات ثابتة الطول - معلومات عامة | |
| حقل البيانات ثابتة الطول | 100708t ua|||||r|||| 001 0 ara d |
| 082 ## - رقم تصنيف ديوى العشرى | |
| رقم الطبعة | 22 |
| رقم التصنيف | 240 |
| رقم المادة | س ا ب |
| 100 ## - المدخل الرئيسى - إسم شخصى | |
| الإسم الشخصى | سابق، السيد |
| 9 (RLIN) | 16068 |
| 245 ## - بيان العنوان | |
| العنوان | العقائد الاسلامية / |
| بيان المسئوليه,etc | السيد سابق |
| 250 ## - بيان الطبعة | |
| بيان الطبعة | ط2 |
| 260 ## - PUBLICATION, DISTRIBUTION, ETC. (IMPRINT) | |
| مكان الناشر او الموزع | [القاهرة] : |
| اسم الناشر او الموزع | دار النصر للطباعة ، |
| تاريخ النشر أو التوزيع | 1967 |
| 300 ## - الوصف المادى | |
| التعداد | 311 ص ؛ |
| أبعاد الوعاء | 22 سم |
| 541 ## - تبصرة المصدر المباشر للتزويد | |
| مصدر التزويد | الف باء ؛ |
| طريقة التزويد | شراء ؛ |
| 650 ## - المدخل الاضافى بالموضوع-مصطلح موضوعى | |
| 9 (RLIN) | 16065 |
| مصطلح موضوعي أو اسم جغرافي كعنصر مدخل | علم الكلام |
| 942 ## - عناصر المدخل الإضافي( كوها) | |
| مصدر التصنيف او مخطط الترفيف | Dewey Decimal Classification |
| Koha [default] item type | Book - Borrowing |
| حالة التراجع | حالة الفقد | مصدر التصنيف او خطة الترفيف | حالة تلف | ليس للاعارة | مجموعات كوها | المكان الدائم | المكان الحالي | موقع الترفيف | تاريخ الاكتساب | Source of acquisition | رقم الاستدعاء | الباركود | Date last seen | نوع الوعاء |
|---|---|---|---|---|---|---|---|---|---|---|---|---|---|---|
| Dewey Decimal Classification | Alef-Baa | Central Library | Central Library | Lower Floor | 08/07/2010 | 240 ساب | 000025030 | 15/07/2025 | Book - Borrowing |